Italian Posse (Record n. 99253)

Dettagli MARC
000 -LEADER
fixed length control field 03204njm a2200481Ia 4500
001 - CONTROL NUMBER
control field A9834
003 - CONTROL NUMBER IDENTIFIER
control field IT-RoPAU
005 - DATE AND TIME OF LATEST TRANSACTION
control field 20220918181114.0
008 - FIXED-LENGTH DATA ELEMENTS--GENERAL INFORMATION
fixed length control field 131025s9999 xx 000 0 und d
040 ## - CATALOGING SOURCE
Original cataloging agency IT-RoPAU
040 ## - CATALOGING SOURCE
Transcribing agency IT-RoPAU
041 ## - LANGUAGE CODE
Language code of text/sound track or separate title ITALIANO
999 ## - SYSTEM CONTROL NUMBERS (KOHA)
Koha Dewey Subclass [OBSOLETE] n.d.
100 ## - MAIN ENTRY--PERSONAL NAME
Personal name AA.VV.
9 (RLIN) 794
100 ## - MAIN ENTRY--PERSONAL NAME
Relator term Autore musica
9 (RLIN) 28541
100 ## - MAIN ENTRY--PERSONAL NAME
Miscellaneous information Codice autore musica SPICS: 12000
9 (RLIN) 796
245 ## - TITLE STATEMENT
Title Italian Posse
250 ## - EDITION STATEMENT
Edition statement 1a ed.
260 ## - PUBLICATION, DISTRIBUTION, ETC. (IMPRINT)
Place of publication, distribution, etc. ITALIA
260 ## - PUBLICATION, DISTRIBUTION, ETC. (IMPRINT)
Name of publisher, distributor, etc. FLYING RECORDS - EXPANDED MUSIC
Date of publication, distribution, etc. 1992 [1a Ed.:1992 - Ed. Lingua Orig.: 1992]
300 ## - PHYSICAL DESCRIPTION
Extent COMPACT DISC
300 ## - PHYSICAL DESCRIPTION
Dimensions 51 minuti (Testo: 0 pag.)
500 ## - GENERAL NOTE
General note Canzone di protesta. Canzone demenziale.
505 ## - FORMATTED CONTENTS NOTE
Formatted contents note Sud Sound System "Fuecu" (6:00) - Frankie Hi Nrg Mc "Fight Da Faida" (6:00) - Comitato "La casa è un diritto" (4:00) - Possessione "Fratelli d'Italia" (P. Ossessionemix) (7:00) - Mau Mau "Soma la Macia" (6:00) - Persiana Jones e le tapparelle maledette "No More Virus" (6:00) - Niù Tennici "Affitta una Ferrari" (5:00) - La To-sse "Legala" (5:00) - 99 Posse "Salario garantito" (7:00) - Il generale "richiesta speciale per il generale" (3:00) - Strike "Cercando un senso" (6:00)
650 ## - SUBJECT ADDED ENTRY--TOPICAL TERM
Topical term or geographic name as entry element DEMENZIALE [COMPACT DISC]
Relator term Codice MATERIA SPICS: 9949
9 (RLIN) 28542
700 ## - ADDED ENTRY--PERSONAL NAME
Personal name Amata R.
Dates associated with a name Codice autore musica SPICS: 36825
Relator term Autore musica
Name of part/section of a work Sud Sound System "Fuecu"
9 (RLIN) 28543
700 ## - ADDED ENTRY--PERSONAL NAME
Personal name Brizzi A.
Dates associated with a name Codice autore musica SPICS: 36826
Relator term Autore musica
Name of part/section of a work Frankie Hi Nrg Mc "Fight Da Faida"
9 (RLIN) 28544
700 ## - ADDED ENTRY--PERSONAL NAME
Personal name Pizzo
Dates associated with a name Codice autore musica SPICS: 36827
Relator term Autore musica
Name of part/section of a work Comitato "La casa è un diritto"
9 (RLIN) 28545
700 ## - ADDED ENTRY--PERSONAL NAME
Personal name Spiralman
Dates associated with a name Codice autore SPICS: 36828
Relator term Autore
Name of part/section of a work Comitato "La casa è un diritto"
9 (RLIN) 28546
700 ## - ADDED ENTRY--PERSONAL NAME
Personal name Ouraba
Dates associated with a name Codice autore testo/musica SPICS: 36829
Relator term Autore testo/musica
Name of part/section of a work Comitato "La casa è un diritto"
9 (RLIN) 28547
700 ## - ADDED ENTRY--PERSONAL NAME
Personal name Lucca F.
Dates associated with a name Codice autore musica SPICS: 36830
Relator term Autore musica
Name of part/section of a work Possessione "Fratelli d'Italia"
9 (RLIN) 28548
700 ## - ADDED ENTRY--PERSONAL NAME
Personal name Barovero
Dates associated with a name Codice autore musica SPICS: 36831
Relator term Autore musica
Name of part/section of a work Mau Mau "Soma la Macia"
9 (RLIN) 28549
700 ## - ADDED ENTRY--PERSONAL NAME
Personal name Caudullo
Dates associated with a name Codice autore musica SPICS: 36832
Relator term Autore musica
Name of part/section of a work Mau Mau "Soma la Macia" - Persiana Jones e le tapparelle maledette "No More Virus" - La To-sse "Legala"
9 (RLIN) 28550
700 ## - ADDED ENTRY--PERSONAL NAME
Personal name Morino
Dates associated with a name Codice autore testo/musica SPICS: 36833
Relator term Autore testo/musica
Name of part/section of a work Mau Mau "Soma la Macia"
9 (RLIN) 28551
700 ## - ADDED ENTRY--PERSONAL NAME
Personal name Scandolari
Dates associated with a name Codice autore musica SPICS: 36834
Relator term Autore musica
Name of part/section of a work Niù Tennici "Affitta una Ferrari"
9 (RLIN) 28552
700 ## - ADDED ENTRY--PERSONAL NAME
Personal name Bonino
Dates associated with a name Codice autore musica SPICS: 36835
Relator term Autore musica
Name of part/section of a work La To-sse "Legala"
9 (RLIN) 28553
700 ## - ADDED ENTRY--PERSONAL NAME
Personal name Tardio A.
Dates associated with a name Codice autore musica SPICS: 36836
Relator term Autore musica
Name of part/section of a work 99 Posse "Salario garantito"
9 (RLIN) 28554
700 ## - ADDED ENTRY--PERSONAL NAME
Personal name Della Volpe Galvano
Dates associated with a name Codice autore SPICS: 7393
Relator term Autore musica
Name of part/section of a work 99 Posse "Salario garantito"
9 (RLIN) 28555
700 ## - ADDED ENTRY--PERSONAL NAME
Personal name Lombardi Luca
Dates associated with a name Codice autore musica SPICS: 4542
Relator term Autore musica
Name of part/section of a work Il generale "richiesta speciale (per il generale)"
9 (RLIN) 28556
700 ## - ADDED ENTRY--PERSONAL NAME
Personal name Bettini Sergio
Dates associated with a name Codice autore SPICS: 9208
Relator term Autore
Name of part/section of a work Il generale "richiesta speciale (per il generale)"
9 (RLIN) 28557
700 ## - ADDED ENTRY--PERSONAL NAME
Personal name Dondi G.
Dates associated with a name Codice autore musica SPICS: 36837
Relator term Autore musica
Name of part/section of a work Strike "Cercando un senso"
9 (RLIN) 28558
942 ## - ADDED ENTRY ELEMENTS (KOHA)
Koha item type CD AUDIO
Source of classification or shelving scheme Dewey Decimal Classification
Dati di copia
Withdrawn status Lost status Damaged status Not for loan Home library Current library Date acquired Total Checkouts Full call number Date last seen Price effective from Koha item type Public note
    Buone Condizioni Not For Loan SPICS-MEDIATECA SPICS-MEDIATECA 25/10/2013   A9834 25/10/2013 25/10/2013 CD AUDIO Progr. Ins.: 435 / N.Vol.: 1 / Copie: 1 - Copia rara: n.d. / date import: 01.01.2014 - By Epidotti, Trombetti, Vaglietti
CREDITS: SOCIETA' SAN PAOLO Via A.Severo, 58 - ROMA (RM) & PERIODICI SAN PAOLO SRL Via Giotto, 36 MILANO & CISF Via Giotto, 36 MILANO & EDIZIONI SAN PAOLO SRL,  Piazza Soncino, 5 CINISELLO BALSAMO (MI) -- ITALY